000
00239nam a22001097a 4500
082
_a
629.224 TRU'A
100
_a
AUTOEXPORT
_9
74827
245
_a
TRUCKS REPAIR MANUAL
260
_a
MOSCOW
_b
AUTOEXPORT
_c
1965
300
_a
160P
942
_c
BK
999
_c
580334
_d
580334